A thousand acres / (Record no. 13558)
[ view plain ]
| 000 -LEADER | |
|---|---|
| fixed length control field | 01391cam a2200385 a 4500 |
| 001 - CONTROL NUMBER | |
| control field | 13558 |
| 003 - CONTROL NUMBER IDENTIFIER | |
| rucl marc code | BD-RjUL |
| 005 - DATE AND TIME OF LATEST TRANSACTION | |
| control field | 20211208235455.0 |
| 008 - FIXED-LENGTH DATA ELEMENTS--GENERAL INFORMATION | |
| fixed length control field | 140201s1991 nyu 000 1 eng |
| 020 ## - INTERNATIONAL STANDARD BOOK NUMBER | |
| International Standard Book Number | 0394577736 : |
| 035 ## - SYSTEM CONTROL NUMBER | |
| System control number | (BD-RjUL)13610 |
| 040 ## - CATALOGING SOURCE | |
| Original cataloging agency | DLC |
| Transcribing agency | DLC |
| Modifying agency | DLC |
| -- | OCoLC |
| -- | DLC |
| -- | BD-RjUL |
| Language of cataloging | eng |
| 041 ## - LANGUAGE CODE | |
| Language code of text/sound track or separate title | eng |
| 082 00 - DEWEY DECIMAL CLASSIFICATION NUMBER | |
| Classification number | 813.54 |
| Edition number | 20 |
| Author mark and year | SMT 1991 |
| 100 1# - MAIN ENTRY--PERSONAL NAME | |
| Personal name | Smiley, Jane. |
| 9 (RLIN) | 42367 |
| 245 12 - TITLE STATEMENT | |
| Title | A thousand acres / |
| Statement of responsibility, etc. | Jane Smiley. |
| 250 ## - EDITION STATEMENT | |
| Edition statement | 1st ed. |
| 260 ## - PUBLICATION, DISTRIBUTION, ETC. (IMPRINT) | |
| Place of publication, distribution, etc. | New York : |
| Name of publisher, distributor, etc. | Knopf : |
| -- | Distributed by Random House, |
| Date of publication, distribution, etc. | 1991. |
| 300 ## - PHYSICAL DESCRIPTION | |
| Pagination | 371 p. ; |
| Size | 24 cm. |
| 650 #0 - SUBJECT ADDED ENTRY--TOPICAL TERM | |
| Topical term or geographic name as entry element | Inheritance and succession |
| Form subdivision | Fiction. |
| 9 (RLIN) | 42368 |
| Topical term or geographic name as entry element | Parent and adult child |
| Form subdivision | Fiction. |
| 9 (RLIN) | 42369 |
| Topical term or geographic name as entry element | Fathers and daughters |
| Form subdivision | Fiction. |
| 9 (RLIN) | 42370 |
| Topical term or geographic name as entry element | Aging parents |
| Form subdivision | Fiction. |
| 9 (RLIN) | 42371 |
| Topical term or geographic name as entry element | Family farms |
| Form subdivision | Fiction. |
| 9 (RLIN) | 42372 |
| Topical term or geographic name as entry element | Farm life |
| Form subdivision | Fiction. |
| 9 (RLIN) | 42183 |
| Topical term or geographic name as entry element | Sisters |
| Form subdivision | Fiction. |
| 9 (RLIN) | 42373 |
| 651 #0 - SUBJECT ADDED ENTRY--GEOGRAPHIC NAME | |
| Geographic name | Iowa |
| Form subdivision | Fiction. |
| 9 (RLIN) | 42374 |
| 856 41 - ELECTRONIC LOCATION AND ACCESS | |
| Materials specified | Sample text |
| Uniform Resource Identifier | <a href="http://www.loc.gov/catdir/samples/random041/91052720.html">http://www.loc.gov/catdir/samples/random041/91052720.html</a> |
| Materials specified | Publisher description |
| Uniform Resource Identifier | <a href="http://www.loc.gov/catdir/description/random041/91052720.html">http://www.loc.gov/catdir/description/random041/91052720.html</a> |
| Materials specified | Contributor biographical information |
| Uniform Resource Identifier | <a href="http://www.loc.gov/catdir/enhancements/fy0703/91052720-b.html">http://www.loc.gov/catdir/enhancements/fy0703/91052720-b.html</a> |
| 942 ## - ADDED ENTRY ELEMENTS (KOHA) | |
| Source of classification or shelving scheme | Dewey Decimal Classification |
| Koha item type | Books |
| Lost status | Source of classification or shelving scheme | Damaged status | Not for loan | Permanent Location | Current Location | Shelving location | Date acquired | Source of acquisition | Cost, normal purchase price | Total Checkouts | Full call number | Date last seen | Copy number | Koha item type |
|---|---|---|---|---|---|---|---|---|---|---|---|---|---|---|
| Dewey Decimal Classification | Not For Loan | Central Library, University of Rajshahi | Central Library, University of Rajshahi | Reading Room | 26/10/2013 | American Centre Library, Dhaka | 14.00 | 813.54 SMT 1991 | 01/02/2014 | C-1 | Books |